Lesson Planning of Universal Design and Adaptations for Visually Challenged/ (Record no. 191221)

MARC details
000 -LEADER
fixed length control field 00740nam a2200205 4500
005 - DATE AND TIME OF LATEST TRANSACTION
control field 20220823122533.0
010 ## - LCCN (DPL NO)
LC control number ENG-1345558
020 ## - INTERNATIONAL STANDARD BOOK NUMBER
International Standard Book Number 9789389740967
Terms of availability 395.00
035 ## - SYSTEM CONTROL NUMBER
System control number EN-118090
037 ## - SOURCE OF ACQUISITION
Source of stock number/acquisition DBAD/PUB
082 ## - DEWEY DECIMAL CLASSIFICATION NUMBER
Classification number 371.3
100 ## - MAIN ENTRY--PERSONAL NAME
Personal name Mishra, Premananda
245 ## - TITLE STATEMENT
Title Lesson Planning of Universal Design and Adaptations for Visually Challenged/
Statement of responsibility, etc by Premananda Mishra, K. Srinivas Reddy and Jasmer Singh
260 ## - PUBLICATION, DISTRIBUTION, ETC. (IMPRINT)
Place of publication, distribution, etc New Delhi
Name of publisher, distributor, etc Neelkamal Publications Pvt Ltd
Date of publication, distribution, etc 2021
270 ## - ADDRESS
Address # 4764/1, 23, Ansari Road, Daryaganj
City New Delhi
Postal code 110002
Electronic mail address neelkamalbooks@gmail.com
300 ## - PHYSICAL DESCRIPTION
Extent xix, 251p.
Other physical details Index
Dimensions 25cm(pbk)
700 ## - ADDED ENTRY--PERSONAL NAME
Personal name Reddy, K. Srinivas
700 ## - ADDED ENTRY--PERSONAL NAME
Personal name Singh, Jasmer
942 ## - ADDED ENTRY ELEMENTS (KOHA)
Source of classification or shelving scheme Dewey Decimal Classification
Item type English Books
Classification part 371.3
Call number suffix MIS
Holdings
Withdrawn status Lost status Not for loan Collection code Home library Current library Date acquired Source of acquisition Cost, normal purchase price Full call number Barcode Copy number Cost, replacement price Koha item type
      Non-fiction Ashok Vihar Ashok Vihar 23/08/2022 DBAD/PUB 395.00 371.3 MIS EN-118090 1 395.00 English Books

© Delhi Public Library
Hit Counter
free hit counter